| 000 | 00774nam a2200217 i 4500 | ||
|---|---|---|---|
| 001 | 61488 | ||
| 003 | ES-MaACL | ||
| 005 | 20240521134254.0 | ||
| 007 | t| | ||
| 008 | 031112s1967 sp ||||1|acat d | ||
| 100 | 1 |
_aEvtushenko, Evgueniï Aleksandrovich. _948409 |
|
| 245 | 1 | 0 |
_aAutobriogafía precoç / _cE. Ievtuixenko ; estudi de Josep M. Castellet ; [traducció de Maurici Serrahima ; poemes, traducció directa del rus d'Elena Vidal]. |
| 260 |
_aBarcelona : _bMaterials, _c[1967] |
||
| 300 |
_a139 p. ; _c21 cm. |
||
| 600 | 1 | 4 |
_aEvtushenko, Evgueniï Aleksandrovich. _948409 |
| 700 | 1 |
_aCastellet, J. M., _d1926-2014 _9156498 |
|
| 700 | 1 |
_aSerrahima, Maurici. _9105674 |
|
| 700 | 1 |
_aVidal, Elena. _9114421 |
|
| 852 |
_aES-MaACL _jC-48833 |
||
| 999 |
_c61488 _d61488 |
||